Fr. Conceicao Rodrigues College of Engineering

Industrial Wiring (Record no. 21186)

MARC details
000 -LEADER
fixed length control field 00261nam a2200133Ia 4500
082 ## - DEWEY DECIMAL CLASSIFICATION NUMBER
Classification number 621.3
100 ## - MAIN ENTRY--PERSONAL NAME
Personal name Polyakov/G
245 ## - TITLE STATEMENT
Title Industrial Wiring
260 ## - PUBLICATION, DISTRIBUTION, ETC.
Name of publisher, distributor, etc. Progress Publishers
300 ## - PHYSICAL DESCRIPTION
Extent 308
546 ## - LANGUAGE NOTE
Language note ENGLISH
654 ## - SUBJECT ADDED ENTRY--FACETED TOPICAL TERMS
Focus term wiring
942 ## - ADDED ENTRY ELEMENTS (KOHA)
Koha item type BOOK
Holdings
Withdrawn status Lost status Damaged status Not for loan Collection Home library Current library Date acquired Cost, normal purchase price Total Checkouts Full call number Barcode Date last seen Cost, replacement price Price effective from Koha item type
        AFT Fr. Agnel's C.Rodrigues College of Engineering Fr. Agnel's C.Rodrigues College of Engineering 17/03/2023 4.80   621.3 AFT1155 17/03/2023 4.80 17/03/2023 BOOK